Textbook Of Practicl Physiology/ (Record no. 201200)

MARC details
000 -LEADER
fixed length control field 00559nam a22001817a 4500
005 - DATE AND TIME OF LATEST TRANSACTION
control field 20240301155947.0
010 ## - LCCN (DPL NO)
LC control number ENG-139528
020 ## - INTERNATIONAL STANDARD BOOK NUMBER
Terms of availability 508.00
International Standard Book Number 9789386235008
035 ## - SYSTEM CONTROL NUMBER
System control number EN-123060
037 ## - SOURCE OF ACQUISITION
Source of stock number/acquisition DBAD/PUB
082 ## - DEWEY DECIMAL CLASSIFICATION NUMBER
Classification number 617.6001
100 ## - MAIN ENTRY--PERSONAL NAME
Personal name Pal G K
245 ## - TITLE STATEMENT
Title Textbook Of Practicl Physiology/
Statement of responsibility, etc Edited by G K Pal
Remainder of title For Dental Student
Medium English
260 ## - PUBLICATION, DISTRIBUTION, ETC. (IMPRINT)
Place of publication, distribution, etc Himayatnagar
Name of publisher, distributor, etc Orient Blackswan Private Limited
270 ## - ADDRESS
City Hyderabad
Address 3-6-752
Postal code 500029
300 ## - PHYSICAL DESCRIPTION
Extent 314p.
Dimensions 28cm(pbk)
942 ## - ADDED ENTRY ELEMENTS (KOHA)
Source of classification or shelving scheme Dewey Decimal Classification
Item type English Books
Classification part 617.6001
Call number suffix PAL
Holdings
Withdrawn status Lost status Not for loan Collection code Home library Current library Date acquired Source of acquisition Cost, normal purchase price Full call number Barcode Copy number Cost, replacement price Koha item type
      Non-fiction Bawana Bawana 01/03/2024 DBAD 508.00 617.6001 PAL EN-123060 1 508.00 English Books

© Delhi Public Library
Hit Counter
free hit counter